000
00275nam a22001097a 4500
082
_a
030 COL'H
100
_a
HALSEY, WILLIAM D
_9
57328
245
_a
COLLIER'S ENCYCLOPEDIA WITH BIBLOGRAPHY AND INDEX VOLUME - 6
260
_a
USA
_b
COLLIER
_c
1965
300
_a
24V
942
_c
BK
999
_c
567621
_d
567621